| 000 | 00843nas a2200265 4500 | ||
|---|---|---|---|
| 001 | BR8001299 | ||
| 003 | BR-BrBNA | ||
| 005 | 20231205084210.0 | ||
| 007 | ta | ||
| 008 | 230509b bl.|||p| |||| 00| 00por d | ||
| 040 |
_aBR-BrBNA _bpor _cBiblioteca Nacional de Agricultura |
||
| 041 | _a(Pt) | ||
| 072 | _aH00 | ||
| 100 | 1 | _aYoneda, H. | |
| 100 | 1 | _aMatsunaga, A.K. | |
| 100 | 1 | _aVasques, R.M.P. | |
| 245 | 1 | _aIdentificacao de terpenos clorados pelo metodo de cromatografia de gas [Inseticida] | |
| 246 | 1 | _aIdentification of polychloroterpenes by gas chromatograph [Insecticide] | |
| 650 | _aDefesa vegetal | ||
| 650 | _aInseticida | ||
| 650 | _aCromatografia | ||
| 773 | 0 |
_tBiologico (Brazil) _xISSN 0366-0567 _g(Nov 1979), v. 45(11-12) p. 277-284 _wBR8001299 |
|
| 909 |
_a202311 _bLúcia _c55 _dLúcia Elande |
||
| 942 |
_2AGRIS _n0 _cANA |
||
| 999 |
_c103727 _d103727 |
||